01165nam a22002297a 450000500170000000800410001702000150005804000070007304100080008008200180008810000210010624500440012725000060017126000650017730000280024236500400027052005040031065000140081465000330082865000510086170000230091220230610120410.0230610b ||||| |||| 00| 0 eng d a0070447004 cAL aeng 223bMILOa003 aMilan Milenkovic aOperating Systems:bConcepts and Design a2 aNew DelhibTata McGraw Hill Publishing Company Limitedc2006 axxv,755p.bPBc22x15cm. 2Computer Applications and Animation aThis book strikes a unique balance among the theoretical foundation, design considerations, and implementation aspects of operating systems. The book takes a decidedly systems approach by blending the theory, algorithms, and architectural support with design and implementation considerations of contemporary operating systems. An emphasis is placed on synthesis by exploring relationships among different parts of operating systems and demonstrating how they are combined to form complete systems.  aProcesses aInterprocess Synchronization aInterprocess Communication and Synchronization aMILENKOVIC (Milan)